Collecting design / (Record no. 5828)

MARC details
000 -LEADER
fixed length control field 01474cam a2200421 a 4500
001 - CONTROL NUMBER
control field 16699033
003 - CONTROL NUMBER IDENTIFIER
control field OSt
005 - DATE AND TIME OF LATEST TRANSACTION
control field 20260429172408.0
008 - FIXED-LENGTH DATA ELEMENTS--GENERAL INFORMATION
fixed length control field 110311s2010 gw a 001 0 eng c
010 ## - LIBRARY OF CONGRESS CONTROL NUMBER
LC control number 2011404922
015 ## - NATIONAL BIBLIOGRAPHY NUMBER
National bibliography number GBB073747
Source bnb
016 7# - NATIONAL BIBLIOGRAPHIC AGENCY CONTROL NUMBER
Record control number 015579013
Source Uk
016 7# - NATIONAL BIBLIOGRAPHIC AGENCY CONTROL NUMBER
Record control number 1008882992
Source DE-101
020 ## - INTERNATIONAL STANDARD BOOK NUMBER
International Standard Book Number 9783836519939
Qualifying information hbk.
035 ## - SYSTEM CONTROL NUMBER
System control number 16699033
035 ## - SYSTEM CONTROL NUMBER
System control number (OCoLC)635468724
040 ## - CATALOGING SOURCE
Original cataloging agency UKM
Transcribing agency Foundation University
042 ## - AUTHENTICATION CODE
Authentication code pcc
050 00 - LIBRARY OF CONGRESS CALL NUMBER
Classification number N 5198
Item number .L56 2010
100 1# - MAIN ENTRY--PERSONAL NAME
Personal name Lindemann, Adam,
Dates associated with a name 1961-
9 (RLIN) 15739
245 10 - TITLE STATEMENT
Title Collecting design /
Statement of responsibility, etc. Adam Lindemann.
260 ## - PUBLICATION, DISTRIBUTION, ETC.
Place of publication, distribution, etc. Köln :
Name of publisher, distributor, etc. Taschen,
Date of publication, distribution, etc. c2010.
264 ## - PRODUCTION, PUBLICATION, DISTRIBUTION, MANUFACTURE, AND COPYRIGHT NOTICE
Copyright Date 2010
300 ## - PHYSICAL DESCRIPTION
Extent 299 p. :
Other physical details col. ill. ;
Dimensions 23 cm.
Materials specified books
Type of unit books
336 ## - CONTENT TYPE
Content type term text
Content type code txt
Source rdacontent
Materials specified books
337 ## - MEDIA TYPE
Media type term unmediated
Media type code n
Source rdamedia
Materials specified books
338 ## - CARRIER TYPE
Carrier type term volume
Carrier type code nc
Source rdacarrier
Materials specified books
500 ## - GENERAL NOTE
General note Includes index.
650 #0 - SUBJECT ADDED ENTRY--TOPICAL TERM
Topical term or geographic name entry element Furniture
General subdivision Collectors and collecting.
9 (RLIN) 15740
650 #0 - SUBJECT ADDED ENTRY--TOPICAL TERM
Topical term or geographic name entry element Interior decoration accessories
General subdivision Collectors and collecting.
9 (RLIN) 15741
650 #0 - SUBJECT ADDED ENTRY--TOPICAL TERM
Topical term or geographic name entry element Furniture design
General subdivision History
Chronological subdivision 20th century.
9 (RLIN) 15607
856 42 - ELECTRONIC LOCATION AND ACCESS
Uniform Resource Identifier <a href="http://d-nb.info/1008882992/04">http://d-nb.info/1008882992/04</a>
Materials specified Inhaltsverzeichnis
906 ## - LOCAL DATA ELEMENT F, LDF (RLIN)
a 7
b cbc
c pccadap
d 2
e ncip
f 20
g y-gencatlg
942 ## - ADDED ENTRY ELEMENTS (KOHA)
Source of classification or shelving scheme Library of Congress Classification
Koha item type Books
Classification part N 5198
Item part .2010 L56
Call number prefix (DAFA-FA)
Holdings
Withdrawn status Lost status Source of classification or shelving scheme Damaged status Not for loan Collection code Home library Current library Shelving location Date acquired Source of acquisition Total Checkouts Full call number Barcode Date last seen Price effective from Koha item type Accession Number
    Library of Congress Classification     Non-fiction Foundation University Library Foundation University Library DoArchitecture & Fine Arts 04/29/2026 Donations   (DAFA-FA) N 5198 .2010 L56 0192026003257 04/29/2026 04/29/2026 Books DAFA-2026257